Name Additions German Clubs - Statistics

General Stats
  • This quiz has been taken 28 times
  • The average score is 13 of 33
Answer Stats
Number Addition % Correct
2 Borussia
96%
1 Bayer
92%
1 Bayern
80%
4 FC
76%
4 SC
68%
1 Union
64%
1 Werder
64%
2 Eintracht
60%
4 SV
60%
1 VfB
60%
1 RB
56%
3 VfL
52%
6 1. FC
44%
1 Fortuna
44%
1 Holstein
40%
1 1860
36%
1 96
32%
1 TSG
32%
1 Arminia
28%
1 Hansa
28%
2 SpVgg
28%
1 BSC
24%
1 Energie
24%
1 Preußen
20%
1 Rot-Weiss
20%
1 SSV
20%
1 Alemannia
16%
1 Erzgebirge
16%
1 Waldhof
16%
1 Jahn
12%
1 Viktoria
12%
1 Wehen
12%
1 1. FSV
8%
No matching quizzes found
Score Distribution
Percent of People with Each Score
Percentile by Number Answered
Your Score History
You have not taken this quiz